00509 2200205 4500001002100000005001500021035002000036245002700056100001800083250001100101300003000112260003200142082001400174084002000188020002200208008004100230650001000271990001100281990001100292INLIS00000000000175420241205024448 a0010-12240000071 a23:59 /cBrian Khrisna0 aBrian Khrisna acet. 1 a231 hlm :bilust ;c19 cm aJakarta :bMediakita,c2023 a899.221'3 a899.221'3 BRI d a978-979-794-669-2241205 0  4aNovel a003663 a003664